|
|
|
|
| LEADER |
00000nam2a2200000 4500 |
| 001 |
325001 |
| 005 |
20231102003724.0 |
| 035 |
|
|
|a (RuTPU)RU\TPU\book\350612
|
| 035 |
|
|
|a RU\TPU\book\350599
|
| 090 |
|
|
|a 325001
|
| 100 |
|
|
|a 20161125d1970 m y0rusy50 ca
|
| 101 |
0 |
|
|a rus
|
| 102 |
|
|
|a RU
|
| 105 |
|
|
|a y j 000zy
|
| 200 |
1 |
|
|a Т. 1 : Досоциалистические способы производства
|
| 210 |
|
|
|d 1970
|
| 215 |
|
|
|a 760 с.
|
| 461 |
|
1 |
|0 (RuTPU)RU\TPU\book\102256
|t Курс политической экономии
|o в 2 т.
|o учебное пособие для вузов
|f под ред. Н. А. Цаголова
|v Т. 1 : Досоциалистические способы производства
|e 2-е изд., доп.
|d 1970
|
| 606 |
1 |
|
|a Экономическая теория
|2 stltpush
|3 (RuTPU)RU\TPU\subj\26589
|9 50481
|
| 610 |
1 |
|
|a политическая экономия
|
| 610 |
1 |
|
|a предмет
|
| 610 |
1 |
|
|a методология
|
| 610 |
1 |
|
|a первобытнообщинный способ производства
|
| 610 |
1 |
|
|a рабовладельческий способ производства
|
| 610 |
1 |
|
|a феодальный способ производства
|
| 610 |
1 |
|
|a капиталистическое производство
|
| 610 |
1 |
|
|a капитал
|
| 610 |
1 |
|
|a прибавочная стоимость
|
| 610 |
1 |
|
|a заработная плата
|
| 610 |
1 |
|
|a накопление
|
| 610 |
1 |
|
|a воспроизводство
|
| 610 |
1 |
|
|a оборот
|
| 610 |
1 |
|
|a прибыль
|
| 610 |
1 |
|
|a цена
|
| 610 |
1 |
|
|a торговый капитал
|
| 610 |
1 |
|
|a ссудный капитал
|
| 610 |
1 |
|
|a денежное обращение
|
| 610 |
1 |
|
|a кредит
|
| 610 |
1 |
|
|a земельная рента
|
| 610 |
1 |
|
|a национальный доход
|
| 610 |
1 |
|
|a экономические кризисы
|
| 610 |
1 |
|
|a монополистический капитализм
|
| 610 |
1 |
|
|a государственно-монополистический капитализм
|
| 610 |
1 |
|
|a противоречия
|
| 610 |
1 |
|
|a учебные пособия
|
| 686 |
|
|
|a У011я73
|v LBC/SL-A
|2 rubbk
|
| 801 |
|
1 |
|a RU
|b 63413507
|c 20161125
|
| 801 |
|
2 |
|a RU
|b 63413507
|c 20161128
|g RCR
|
| 942 |
|
|
|c BK
|